British parliamentary papers : report of the commissioners the present position of the royal academy in relation to the fine arts with minutes of evidence appendix and index and ob (Record no. 93109)

MARC details
000 -LEADER
fixed length control field 00586nam a2200145Ia 4500
005 - DATE AND TIME OF LATEST TRANSACTION
control field 20240821155020.0
008 - FIXED-LENGTH DATA ELEMENTS--GENERAL INFORMATION
fixed length control field 240821s9999||||xx |||||||||||||| ||und||
082 ## - DEWEY DECIMAL CLASSIFICATION NUMBER
Classification number 708.942 GRE
100 ## - MAIN ENTRY--PERSONAL NAME
Personal name Irish University Press Shannon ireland
245 #0 - TITLE STATEMENT
Title British parliamentary papers : report of the commissioners the present position of the royal academy in relation to the fine arts with minutes of evidence appendix and index and ob
260 ## - PUBLICATION, DISTRIBUTION, ETC.
Place of publication, distribution, etc. London
Name of publisher, distributor, etc. Irish University Press Shannon Ireland
Date of publication, distribution, etc. 1970
300 ## - PHYSICAL DESCRIPTION
Extent 769p
650 ## - SUBJECT ADDED ENTRY--TOPICAL TERM
Topical term or geographic name entry element Arts, crafts, music, sports and recreations
942 ## - ADDED ENTRY ELEMENTS (KOHA)
Koha item type Book
Holdings
Withdrawn status Lost status Damaged status Not for loan Home library Current library Date acquired Total checkouts Barcode Date last seen Price effective from Koha item type
        Library and Documentation Division NCERT Library and Documentation Division NCERT 08/21/2024   78046 08/21/2024 08/21/2024 Book